Catalog

Record Details

Catalog Search



Available copies

  • 1 of 1 copy available at LARL/NWRL Consortium.
  • 1 of 1 copy available at Northwest Regional Library. (Show preferred library)

Current holds

0 current holds with 1 total copy.

Show Only Available Copies
Location Call Number / Copy Notes Barcode Shelving Location Status Due Date
Warroad Public Library j 986.1 GOL (Text) 35500006811937 Main Available -

Record details

  • ISBN: 9781644872512
  • ISBN: 164487251X
  • Physical Description: 32 pages : color illustrations, color maps ; 24 ... Read More
  • Publisher: Minneapolis, MN : Bellwether Media, 2021.

Content descriptions

Bibliography, etc. Note:
Includes bibliographical references (page 31) and ... Read More
Formatted Contents Note:
The wonders of Bogotá -- Location -- Landscape and ... Read More
Summary, etc.:
"Engaging images accompany information about ... Read More
Target Audience Note:
Ages 7-13 Bellwether Media.
Grades 4-6 Bellwether Media.
Subject: Colombia > Juvenile literature.
Culture.
Colombia.
Colombia > Description and travel.
JUVENILE NONFICTION / Social Science / Customs, Traditions, Anthropology.
JUVENILE NONFICTION / History / Central & South America.
JUVENILE NONFICTION / People & Places / Caribbean & Latin America.
Colombia
Genre: Readers (Publications)
Instructional and educational works
High interest-low vocabulary books
Juvenile works
Instructional and educational works.
High interest-low vocabulary books.
Readers (Publications)
Illustrated works.
LDR 03439cam a2200757 i 4500
001446078
003LARL_NWRL_CONSORTIUM
00520240919162833.0
008200117s2021 mnuab j b 001 0 eng
010 . ‡a 2020001611
040 . ‡aDLC ‡beng ‡erda ‡cDLC ‡dOCLCF ‡dZHI ‡dIUK ‡dUKMGB ‡dYDX ‡dDYJ ‡dDLC ‡dOCLCO ‡dIMF ‡dFHP ‡dZ35 ‡dB@L ‡dOCLCO ‡dOCL ‡dWAU ‡dOCL ‡dOCLCO ‡dOCLCL
015 . ‡aGBC0G7017 ‡2bnb
0167 . ‡a019990503 ‡2Uk
019 . ‡a1145086597 ‡a1222776331
020 . ‡a9781644872512 ‡q(library binding)
020 . ‡a164487251X ‡q(library binding)
020 . ‡z9781681037141 ‡q(ebook)
035 . ‡a(OCoLC)1137739277 ‡z(OCoLC)1145086597 ‡z(OCoLC)1222776331
042 . ‡apcc
043 . ‡as-ck---
08200. ‡a986.1 ‡223
1001 . ‡aGolkar, Golriz, ‡eauthor.
24510. ‡aColombia / ‡cby Golriz Golkar.
264 1. ‡aMinneapolis, MN : ‡bBellwether Media, ‡c2021.
300 . ‡a32 pages : ‡bcolor illustrations, color maps ; ‡c24 cm.
336 . ‡atext ‡btxt ‡2rdacontent
337 . ‡aunmediated ‡bn ‡2rdamedia
338 . ‡avolume ‡bnc ‡2rdacarrier
385 . ‡aChildren ‡2lcdgt
4900 . ‡aBlastoff! Discovery. Country profiles
504 . ‡aIncludes bibliographical references (page 31) and index.
520 . ‡a"Engaging images accompany information about Colombia. The combination of high-interest subject matter and narrative text is intended for students in grades 3 through 8"--Provided by publisher."-- ‡cProvided by publisher.
50500. ‡tThe wonders of Bogotá -- ‡tLocation -- ‡tLandscape and climate -- ‡tWildlife -- ‡tPeople -- ‡tCommunities -- ‡tCustoms -- ‡tSchool and work -- ‡tPlay -- ‡tFood -- ‡tCelebrations -- ‡tTimeline -- ‡tColombia facts.
521 . ‡aAges 7-13 ‡bBellwether Media.
521 . ‡aGrades 4-6 ‡bBellwether Media.
651 0. ‡aColombia ‡vJuvenile literature.
650 1. ‡aCulture. ‡0(LARL_NWRL_CONSORTIUM)18124
651 1. ‡aColombia. ‡0(LARL_NWRL_CONSORTIUM)177492
651 1. ‡aColombia ‡xDescription and travel.
650 7. ‡aJUVENILE NONFICTION / Social Science / Customs, Traditions, Anthropology. ‡2bisacsh
650 7. ‡aJUVENILE NONFICTION / History / Central & South America. ‡2bisacsh
650 7. ‡aJUVENILE NONFICTION / People & Places / Caribbean & Latin America. ‡2bisacsh
651 7. ‡aColombia ‡2fast ‡0(LARL_NWRL_CONSORTIUM)177492
655 7. ‡aReaders (Publications) ‡2fast
655 7. ‡aInstructional and educational works ‡2fast
655 7. ‡aHigh interest-low vocabulary books ‡2fast
655 7. ‡aJuvenile works ‡2fast
655 7. ‡aInstructional and educational works. ‡2lcgft
655 7. ‡aHigh interest-low vocabulary books. ‡2lcgft
655 7. ‡aReaders (Publications) ‡2lcgft
655 7. ‡aIllustrated works. ‡2lcgft
901 . ‡a446078 ‡bAUTOGEN ‡c446078 ‡tbiblio

Additional Resources